000
00334nam a22001457a 4500
003
SGT
082
_a
346.1780954,DIW
100
_a
DIWAN,PARAS
245
_a
LAW OF ADOPTION MINORITY GUARDIANSHIP & CUSTODY
250
_a
5TH
260
_a
NEW DELHI
_b
UNIVERSAL
_c
2012
300
_a
948
650
_a
LAW OF ADOPTION
942
_2
ddc
_c
BK
999
_c
9699
_d
9699